000 00441nam a2200181Ia 4500
001 16288
005 20260306170258.0
008 260306t2012||||xx |||||||||||||| ||und||
041 _aESP
082 _a347.6
_bC25
100 _aCandelario Macías, María Isabel
_eAUT
245 0 _aLecciones de derecho concursal
260 _c2012
300 _a247 páginas :
_c24 cm.
650 _aGEN
654 _aCDE
942 _cLIB
_dJUS
_fJUS
_2ddc
_n
999 _c16288
_d16288